Score 0/32 Timer 03:00
0 Plays Today
HINT WORD % Correct
Hallmark productCARD
90.2%
☂ ____ DAYS NIGHT ☂☂ HARD ☂
87.7%
Hay or sesame, e.g.SEED
87%
☂ GOOD TO THE LAST ____☂ DROP ☂
86.6%
☂ THE HARDER THEY ____☂ FALL ☂
86.2%
Hen houseCOOP
83.4%
Lucille ____BALL
81.9%
Grocery conveyanceCART
81.5%
Cut short, like hairCROP
81.3%
Tootsie ____ROLL
80.2%
Passed with flying colorsACED
79.4%
ExpenseCOST
77.1%
SmileGRIN
75.8%
Listen toHEED
75%
Train trackRAIL
73.8%
Miss the markFAIL
73%
HINT WORD % Correct
Catamaran or umiakBOAT
71.5%
List of playersCAST
71.4%
Cotton tuftBOLL
71.1%
It might be thunderingHERD
70.7%
Das ____BOOT
68.7%
GraspGRIP
68.7%
Floored itSPED
67.9%
Kind of filterDRIP
66.8%
☂ COVER ☂☂ COAT ☂
65.6%
Crusty codgerCOOT
65.4%
MimickedAPED
64.6%
Stir upROIL
64%
☂ NOT BASE ☂☂ ACID ☂
63.6%
AccrueGAIN
63.5%
Willing or obligedFAIN
54.9%
☂ COMMON BOND ☂☂ RAIN ☂
48.4%

Today's Daily Dose

Remove Ads.
Support Sporcle.
Get the best of Sporcle when you Go Orange. This ad-free experience offers more features, more stats, and more fun while also helping to support Sporcle. Thank you for becoming a member.

You're not logged in!

Compare scores with friends on all Sporcle quizzes.
OR
Log In

Show Comments

Extras

Top Quizzes Today


Score Distribution

Your Account Isn't Verified!

In order to create a playlist on Sporcle, you need to verify the email address you used during registration. Go to your Sporcle Settings to finish the process.

Report this User

Report this user for behavior that violates our Community Guidelines.

Details: